| 000 | 00731nam a2200241Ia 4500 | ||
|---|---|---|---|
| 005 | 20230420095502.0 | ||
| 008 | 131103s9999 xx 000 0 und d | ||
| 020 |
_a817188094 0 _cRs. 695 |
||
| 040 | _aLoreto College | ||
| 041 | _aEnglish | ||
| 082 |
_a338.9 _bKAP |
||
| 245 |
_aRecent developments in Indian economy _b with special refererence to structural reforms _cedited by Uma Kapila |
||
| 250 | _arev. ed. | ||
| 260 |
_aDelhi _bAcademic Foundation _c1993 |
||
| 300 |
_a258 p. _b ill.,tables |
||
| 440 | _aIndian Economy Since Independence | ||
| 504 | _aIncludes bibliographical references | ||
| 650 | _aEconomics | ||
| 651 | _aIndia - Economy Policy | ||
| 700 | _aKapila,Uma,ed. | ||
| 850 | _aLCLIB | ||
| 942 | _cBK | ||
| 999 |
_c3096 _d53575 |
||